00365nam a2200133Ia 4500008004100000041000800041082001500049100001800064245004500082250000700127260005400134300003000188365001300218240624s9999 xx 000 0 und d aeng a650.14 BEL aBELDING SHAUN aWIN AT WORK NAVIGATE THE NASTIES GET THI a11 c2010aNew DelhibKogan Page India Private limited avi, : 183 : p. : cm. ; 21 cRSb33.5